书目信息 |
| 题名: |
诗论
|
|
| 作者: | 艾青 | |
| 分册: | ||
| 出版信息: | 北京 人民文学出版社 29376 |
|
| 页数: | 235页 | |
| 开本: | 20cm | |
| 丛书名: | ||
| 单 册: | ||
| 中图分类: | I207.145 | |
| 科图分类: | ||
| 主题词: | 文学--中国 | |
| 电子资源: | ||
| ISBN: | ||
| 000 | 00454nam0 2200181 450 | |
| 001 | 0728815141 | |
| 005 | 20070819080015.14 | |
| 010 | @d¥0.71 | |
| 100 | @a20070819d km y0chiy0120 ea | |
| 101 | 0 | @achi |
| 200 | 1 | @a诗论@Ashi lun@f艾青@Fai qing |
| 210 | @a北京@c人民文学出版社@d29376 | |
| 215 | @a235页@d20cm | |
| 606 | 0 | @a文学@x中国 |
| 690 | @aI207.145@v3 | |
| 701 | 0 | @a艾青@Aai qing |
| 801 | 0 | @aCN@bPFT@c20070819 |
| 905 | @a213230@dI207.145@eZW140@f1 | |
| 诗论/艾青.-北京:人民文学出版社,29376 |
| 235页;20cm |
| ISBN :¥0.71 |
| ● |
| 相关链接 |
|
|
|
|
正题名:诗论
索取号:I207.145/ZW140
 
预约/预借
| 序号 | 登录号 | 条形码 | 馆藏地/架位号 | 状态 | 备注 |
| 1 | 7606162 | 276061627 | 密集书库-文学院/ [索取号:I207.145/ZW140] | 在馆 |